Managing the quarterlife crisis : [facing life's choices in your 20s and 30s] (Record no. 405359)
[ view plain ]
| 000 -LEADER | |
|---|---|
| fixed length control field | 00318nam a2200097Ia 4500 |
| 082 ## - DEWEY DECIMAL CLASSIFICATION NUMBER | |
| Classification number | 305.242 JOWE |
| 008 - FIXED-LENGTH DATA ELEMENTS--GENERAL INFORMATION | |
| fixed length control field | 210817s9999 xx 000 0 und d |
| 100 ## - MAIN ENTRY--PERSONAL NAME | |
| Personal name | JOWELL, Joanne Cape Town, 2003 |
| 9 (RLIN) | 96468 |
| 245 #0 - TITLE STATEMENT | |
| Title | Managing the quarterlife crisis : [facing life's choices in your 20s and 30s] |
| 942 ## - ADDED ENTRY ELEMENTS | |
| item type | Books |
No items available.